00685nam a22002177a 450000500170000001000150001702000350003203500140006703700090008108200190009010000170010924501140012625000060024026000450024627000760029130000210036750000270038870000140041570000220042970000160045120240829123040.0 aENG-141530 a9788192084404 (vol.1)c900.00 aEN-125062 bDBAD 21a306.6320954 aDatta, Amlan aDevelopment Challenges and Response /cby Amlan Datta; edited by B.B Dutta , Swapan Mazumdar and Sandip Das  a1 aGurgaon bDivya Jeevan Foundation c2011 aPD -75 Malibu Towne bGurgaone122001k1242219064minfo@divyajeevan.org a402p.:c23cm(hb) aVolume 1: Perspectives aDutta,B.B aMazumdar ,Swapan  aDas, Sandip